Manuel de formation à l'usage des responsables de programmes Analyse des couts dans les programmes de soins de santé primaires
שמור ב:
| מחבר ראשי: | |
|---|---|
| פורמט: | ספר |
| שפה: | Undetermined |
| יצא לאור: |
Genève
OMS
1995
|
| נושאים: | |
| תגים: |
הוספת תג
אין תגיות, היה/י הראשונ/ה לתייג את הרשומה!
|
| Thư viện lưu trữ: | Trung tâm Học liệu Trường Đại học Cần Thơ |
|---|
| LEADER | 00616nam a2200193Ia 4500 | ||
|---|---|---|---|
| 001 | CTU_22418 | ||
| 008 | 210402s9999 xx 000 0 und d | ||
| 082 | |a 613 | ||
| 082 | |b C913 | ||
| 100 | |a Andrew Creese | ||
| 245 | 0 | |a Manuel de formation à l'usage des responsables de programmes | |
| 245 | 0 | |b Analyse des couts dans les programmes de soins de santé primaires | |
| 245 | 0 | |c Andrew Creese, David Parker, OMS | |
| 260 | |a Genève | ||
| 260 | |b OMS | ||
| 260 | |c 1995 | ||
| 650 | |a hygiene, public | ||
| 904 | |i Nguyễn Quang Điền, 010704 | ||
| 980 | |a Trung tâm Học liệu Trường Đại học Cần Thơ | ||